1873 1007 1022 1877 1665 1165 1954 1480 1849 1123 1985 1294 1349 1344 1461 1476 1928 1801 1508 1701 1024 1172 1510 1315 1783 1345 1695 1850 1906 1867 1537 1700 1827 1414 1178 1508 1981 1181 1331 1848 1936 1881 1833 1675 1925 1105 1886 1925 1305 1046 1453 1688 1234 1923 1366 1680 1965 1932 1292 1536 1149 1677 1446 1746 1940 1236 1347 1826 1793 1147 1519 1461 1389 1280 2000 1897 1457 1183 1174 1656 1721 1507 1815 1650 1082 1767 1625 1085 1621 1696 1182 1769 1166 1543 1881 1455 1089 1670 1296 BCNSPRNW ULIB Ver.6.0+V

เปลี่ยนเป็นภาษาไทย

Change to English
 แสดงรายละเอียดบรรณานุกรม
  กลับหน้าหลัก

Brief Record : Get Marc (ISO 2709) : E-mail record : QR code < ปิดหน้าต่าง
LEADER : 00000nam 2200000uu 4500
001    13399112987
003     ULIB
008    110921s2553||||th 000 0 tha d
020    9786165000642
090    นว.^bณ429ย 2553
100 0  ณารา
245 00 ยุทธการล่าจารกรรมรัก/^cณารา
250    พิมพ์ครั้งที่ 2
260    กรุงเทพฯ :^bพิมพ์คำ,^c2553
300    340 หน้า
945    ^p240^l0^i18592
995    กัณชพร
999     ^aใช้งานได้ทุกระบบ
รายการนี้ยังไม่มีแท็ก
คุณยังไม่ได้ล็อกอิน คุณสามารถมีกิจกรรมร่วมกับเว็บไซต์ได้ แต่ต้องล็อกอินก่อน ::
  ล็อกอิน

รายการสื่อสารสนเทศ

ลำดับที่ ประเภท เลขเรียก/บาร์โค้ด สถานที่ สถานะ
1. นวนิยาย
นวนิยาย
นว. ณ429ย 2553  
  Barcode: 18592
ห้องสมุดวิทยาเขตสวรรค์ประชารักษ์
►นวนิยาย
บนชั้น
  ขอยืม

รายการใกล้เคียง
    ผู้แต่ง [ณารา]

BibComment


ยังไม่เคยถูกคอมเมนท์

คอมเมนท์ทรัพยากรรายการนี้
  คอมเมนท์: ยุทธการล่าจารกรรม..


 Copyright 2026. Bcnsprnw @Library